000 00777nam a2200229 a 4500
001 000006270
005 20250715131054.0
008 090827s2005 dr a 001 0 spa d
040 _aDO-SdBNP
082 _a370.11
_bA372h
100 1 _aAleth, Kirsten
_917519
245 1 0 _aHerramientas para la educación ambiental :
_bmanual de apoyo para la capacitación. /
_cKirsten Aleth.
250 _a2a. ed.
260 _aSanto Domingo :
_bCEDECO,
_c2005.
300 _a99 p. :
_bil. ;
_c27 cm.
500 _aIncluye índice
500 _aIncluye una nota al pie de la página (p. 11)
504 _aIncluye bibliografía (p.98- 99)
650 0 _aEducación ambiental
_93422
710 1 _aCentro Dominicano De educación Ecológica (República Dominicana)
_917520
049 _aBNPD
999 _c6065
_d6065